| 000 | 003690000a22001330004500 | ||
|---|---|---|---|
| 005 | 20120302064302.0 | ||
| 942 | _cBOOK | ||
| 100 | _a Patchen,Nancy | ||
| 245 | _a The Journey of a Master : Swami chinmayananda-The Man,The Path,The Teaching | ||
| 260 | _aBombay:Central chinmaya mission trust,1994. | ||
| 300 | _a335p. | ||
| 040 | _aEng | ||
| 650 | _aSwami Chinmayananda | ||
| 999 |
_c361771 _d361768 |
||